The Economics of the World Trading System : (Record no. 620255)

MARC details
000 -LEADER
fixed length control field 00514nam a2200193 a 4500
008 - FIXED-LENGTH DATA ELEMENTS--GENERAL INFORMATION
fixed length control field 260428s2004##################000#0#eng##
020 ## - INTERNATIONAL STANDARD BOOK NUMBER
ISBN 9780262524346
082 04 - DEWEY DECIMAL CLASSIFICATION NUMBER
Classification number 382.9
Item number BAG
100 1# - MAIN ENTRY--AUTHOR NAME
Personal name Bagwell, Kyle,
245 10 - TITLE STATEMENT
Title The Economics of the World Trading System :
260 ## - PUBLICATION, DISTRIBUTION, ETC. (IMPRINT)
Name of publisher MIT Press,
Year of publication 2004.
300 ## - PHYSICAL DESCRIPTION
Number of Pages 244 pages
650 #0 - SUBJECT ADDED ENTRY--TOPICAL TERM
Topical Term Business & Economics.
942 ## - ADDED ENTRY ELEMENTS (KOHA)
Koha item type English Books
Holdings
Withdrawn status Lost status Damaged status Not for loan Home library Current library Date acquired Full call number Accession Number Price effective from Koha item type
        Anna Centenary Library Anna Centenary Library 28.04.2026 382.9 BAG 462623 28.04.2026 English Books

Find us on the map